| 000 | 01586nam a2200445Ii 4500 | ||
|---|---|---|---|
| 001 | DIGACVF0032 | ||
| 003 | NyNyDIG | ||
| 006 | m o d | ||
| 008 | 161107s2013 sp ob 000 0 spa d | ||
| 007 | cr ||||||||||| | ||
| 035 | _a(OCoLC)962227135 | ||
| 040 |
_aDGITA _beng _erda _epn _cDGITA |
||
| 020 |
_a9788494073045 _q(eBook ; _qePub) |
||
| 020 |
_a8494073044 _q(eBook ; _qePub) |
||
| 043 | _ae-sp--- | ||
| 050 | 1 | 4 | _aPQ6144 ebook |
| 082 | 0 | 4 |
_a863.609 _223 |
| 100 | 1 |
_aFerreras, Juan Ignacio, _eauthor. |
|
| 245 | 1 | 3 |
_aLa novela en el siglo XX (hasta 1939) / _cJuan Ignacio Ferreras. |
| 246 | 3 | _aNovela en el siglo 20 hasta 1939 | |
| 250 | _aPrimera edición en ACVF. | ||
| 264 | 1 |
_aMadrid : _bACVF Editorial, _c[2013] |
|
| 300 | _a1 online resource. | ||
| 336 |
_atext _btxt _2rdacontent |
||
| 337 |
_acomputer _bc _2rdamedia |
||
| 338 |
_aonline resource _bcr _2rdacarrier |
||
| 490 | 1 |
_aEstudios históricos de literatura española ; _v7 |
|
| 490 | 1 | _aACVF ensayo | |
| 504 | _aIncludes bibliographical references. | ||
| 588 | 0 | _aOnline resource; title from ePub title page (Digitalia, viewed November 08, 2016) | |
| 650 | 0 |
_aSpanish fiction _y20th century _xHistory and criticism. |
|
| 655 | 0 | _aElectronic books. | |
| 791 | 2 |
_aDigitalia (Firm), _edistributor. |
|
| 793 | 0 |
_gDigitalia eBook Collection: _aACVF Editorial |
|
| 830 | 0 |
_aEstudios históricos de literatura española ; _v7. |
|
| 830 | 0 | _aACVF ensayo. | |
| 856 | 4 | 0 |
_3Digitalia Hispánica _uhttps://www.digitaliapublishing.com/a/39554/ |
| 910 | _aPremium Collection: 2016 | ||
| 942 | _cRAA | ||
| 999 |
_c244978 _d244978 |
||